MSB For lunch : (Record no. 113242)
[ view plain ]
| 000 -LEADER | |
|---|---|
| fixed length control field | 00293nam a2200121 a 4500 |
| 005 - DATE AND TIME OF LATEST TRANSACTION | |
| control field | 20140414132009.0 |
| 008 - FIXED-LENGTH DATA ELEMENTS--GENERAL INFORMATION | |
| fixed length control field | 110223s19uu xx 00 eng d |
| 050 ## - LIBRARY OF CONGRESS CALL NUMBER | |
| Classification number | VCD |
| Item number | MSB(F74 |
| 245 ## - TITLE STATEMENT | |
| Title | MSB For lunch : |
| Remainder of title | Digestion. |
| 650 ## - SUBJECT ADDED ENTRY--TOPICAL TERM | |
| Topical term or geographic name as entry element | Digestive system |
| 650 ## - SUBJECT ADDED ENTRY--TOPICAL TERM | |
| Topical term or geographic name as entry element | Digestion |
| Withdrawn status | Lost status | Damaged status | Home library | Current library | Shelving location | Date acquired | Total Checkouts | Full call number | Barcode | Date last seen | Price effective from | Koha item type |
|---|---|---|---|---|---|---|---|---|---|---|---|---|
| Munich Library | Munich Library | Audio Visual Material Section | 02/23/2011 | VCD MSB(F74 | M4766 | 04/14/2014 | 04/14/2014 | Audio Visual Materials |